| 000 | 00000nam##2200000za#4500 |
| 001 | 9.601257 |
| 003 | CaOODSP |
| 005 | 20220623094112 |
| 007 | cr ||||||||||| |
| 008 | 150406|1998||||xxc|||||o f|0| 0 fre|d |
| 040 | |aCaOODSP|bfre |
| 043 | |an-cn--- |
| 086 | 1 |aC21-23/18-1998F-PDF |
| 110 | 1 |aCanada. |bIndustrie Canada. |
| 245 | 10|aRéduction des obstacles réglementaires au commerce : leçons à tirer de l'expérience européenne pour le Canada : |h[ressource électronique]|bdocument hors-série n° 18, février 1998 / |cpar Ramesh Chaitoo et Michael Hart. |
| 260 | |aOttawa - Ontario : |bIndustrie Canada |cFévrier 1998. |
| 300 | |a67p. |
| 490 | 1 |aDocument hors série|vN° 18 |
| 500 | |aLe n° de catalogue (C21-23/19-1998) et ISBN (0-662-63339-3) imprimés dans cette publication sont incorrects. |
| 504 | |aBibliographie. |
| 590 | |a11-09-Supp|b2011-06-30 |
| 720 | 1 |aChaitoo, Ramesh |
| 720 | 1 |aHart, Michael |
| 775 | 08|tReducing regulatory barriers to trade - lessons for Canada from the European experience : |w(CaOODSP)9.570609 |
| 776 | 0#|tReducing regulatory barriers to trade : |w(CaOODSP)9.530036 |
| 776 | 0#|tRéduction des obstacles réglementaires au commerce : |w(CaOODSP)9.530037 |
| 830 | #0|aDocument hors série (Canada. Industrie Canada)|vN° 18|w(CaOODSP)9.501162 |
| 856 | 40|ahttp://publications.gc.ca|qPDF|s163 Ko|uhttps://publications.gc.ca/collections/Collection/C21-23-18-1998F.pdf|yN° 18 |